Types of Taxes - Statistics

General Stats
  • This quiz has been taken 33 times
  • The average score is 3 of 7
Answer Stats
Hint Answer % Correct
Annual taxes levied by the federal government and most state governments on individual and business income. Income tax
93%
A financial charge on property that the owner is required to pay Property tax
72%
A financial charge given to citizens by the government or added to the cost of some goods, services, and transaction. Tax
45%
The more income you earn, the larger percentage of tax you have to pay Progressive tax
38%
The opposite of progressive tax, the more income you earn, the smaller percentage of tax you have to pay. Regressive tax
38%
Is a percentage at which an individual and corporation is taxed. Tax rate
28%
Income tax that levies the same percentage tax to everyone, regardless of income Proportional tax
10%
No matching quizzes found
Score Distribution
Percent of People with Each Score
Percentile by Number Answered
Your Score History
You have not taken this quiz